000 00684nam a22002297a 4500
003 UA-OsUOA
001 50137
007 ta
008 20071025b un ||||| |||| 00| 0 ukr d
100 _aМолчанов В. К.
090 _a94(477).09
_bМ76
942 _cBK
040 _aUA-OsUOA
_bukr
_cUA-OsUOA
_dUA-OsUOA
245 _aРозплата неминуча
_bнацистські воєнні злочинці та їхні покровителі
300 _a148 с.
955 _a1
041 _aukr
080 _a94(477).09
260 _aК.
_bПолітвидав
_c1984
650 7 _a9 Географія. Біографії. Історія
_2UDC
999 _c336230
_d336230